[Event "RA December op"]
[Site "Ottawa CAN"]
[Date "2023.12.08"]
[Round "2.7"]
[White "Wang, Derek"]
[Black "Clyde, Jordan"]
[Result "0-1"]
[WhiteElo "2086"]
[BlackElo "2258"]
[PlyCount "130"]
[EventDate "2023.12.08"]
[EventType "swiss"]
[EventRounds "5"]
[EventCountry "CAN"]

1. d4 d6 2. Nc3 d5 3. Bf4 Nf6 4. e3 c6 5. Bd3 Bg4 6. f3 Bh5 7. g4 Bg6 8. h4 Qb6
9. Nge2 Bxd3 10. Qxd3 Qa6 11. O-O-O Qxd3 12. cxd3 e6 13. Kd2 h5 14. g5 Ng8 15.
Rb1 a5 16. a3 Nd7 17. Rhc1 Ne7 18. e4 Ng6 19. Bg3 Nb6 20. b4 Nc8 21. bxa5 Bxa3
22. Rc2 Bd6 23. e5 Bc7 24. Rxb7 Bxa5 25. Nf4 Nxf4 26. Bxf4 Ne7 27. Bg3 Nf5 28.
Bf2 O-O 29. Rcb2 c5 30. Kc2 cxd4 31. Ne2 Rfc8+ 32. Kb3 Bc3 33. Rc2 Rcb8 34.
Rxb8+ Rxb8+ 35. Ka2 Ra8+ 36. Kb3 Rb8+ 37. Ka2 Ra8+ 38. Kb3 Ra1 39. Rc1 Rxc1 40.
Nxc1 Bd2 41. Ne2 Be3 42. Be1 Kh7 43. Kc2 Kg6 44. Kd1 Ne7 45. Bg3 Kf5 46. Bh2
Bf2 47. Bg3 Bxg3 48. Nxg3+ Kg6 49. Ne2 Kf5 50. Ng3+ Kxe5 51. Nxh5 Nf5 52. f4+
Kd6 53. Ke2 Kc5 54. Kf2 Kb4 55. Nf6 gxf6 56. h5 Kc3 57. Kf3 Kxd3 58. Kg4 Ke4
59. h6 Ne7 60. gxf6 Ng8 61. Kg5 Nxh6 62. Kxh6 d3 63. Kg7 d2 64. Kxf7 d1=Q 65.
Kxe6 Qg4+ 0-1

[Event "RA December op"]
[Site "Ottawa CAN"]
[Date "2023.12.08"]
[Round "2.8"]
[White "Zhu, Matthew"]
[Black "Fiset, Anais Chloe"]
[Result "1-0"]
[WhiteElo "2238"]
[BlackElo "1830"]
[PlyCount "55"]
[EventDate "2023.12.08"]
[EventType "swiss"]
[EventRounds "5"]
[EventCountry "CAN"]

1. e4 c6 2. d4 d5 3. Nd2 dxe4 4. Nxe4 Nf6 5. Nxf6+ exf6 6. Be3 Bd6 7. Bd3 O-O
8. Ne2 Nd7 9. O-O Re8 10. c4 Nf8 11. Qc2 Be6 12. Rad1 Ng6 13. Nc3 Qc7 14. h3
Qd7 15. Ne4 Bb8 16. f4 Bxh3 17. gxh3 Qxh3 18. Qf2 Nh4 19. Rde1 Bxf4 20. Bxf4
Qxd3 21. Nxf6+ gxf6 22. Qxh4 Qxd4+ 23. Kh1 Kh8 24. Bg5 Qxh4+ 25. Bxh4 Kg7 26.
Rg1+ Kh6 27. Ref1 Re6 28. Bxf6 1-0

[Event "RA December op"]
[Site "Ottawa CAN"]
[Date "2023.12.08"]
[Round "3.3"]
[White "Adam, Rafael"]
[Black "Latorre, Vincent"]
[Result "1/2-1/2"]
[WhiteElo "2215"]
[BlackElo "2299"]
[PlyCount "76"]
[EventDate "2023.12.08"]
[EventType "swiss"]
[EventRounds "5"]
[EventCountry "CAN"]

1. d4 Nf6 2. Bg5 c5 3. d5 Ne4 4. Bf4 Qb6 5. Bc1 c4 6. e3 e6 7. f3 Nf6 8. Bxc4
Qb4+ 9. Nd2 exd5 10. Bd3 Nc6 11. c3 Qe7 12. Kf2 Ne5 13. Nb3 h5 14. h4 g6 15.
Nh3 Bh6 16. Nf4 O-O 17. Nd4 d6 18. a4 Bd7 19. g3 Bc6 20. a5 a6 21. b3 Rfe8 22.
Be2 Rac8 23. Bd2 Bd7 24. Kg2 Kg7 25. Rh2 Rc5 26. b4 Rc7 27. Qb3 Nc4 28. Bxc4
dxc4 29. Qc2 d5 30. Re1 Qd6 31. Rhh1 Bc8 32. Kf2 Rce7 33. Bc1 Kh8 34. Re2 b5
35. Rhe1 Bg7 36. Bd2 Bb7 37. Rg1 Qd7 38. Rg2 Re5 1/2-1/2

[Event "RA December op"]
[Site "Ottawa CAN"]
[Date "2023.12.08"]
[Round "3.4"]
[White "Batorshyn, Ilia	"]
[Black "Zhu, Matthew"]
[Result "0-1"]
[WhiteElo "2158"]
[BlackElo "2238"]
[PlyCount "140"]
[EventDate "2023.12.08"]
[EventType "swiss"]
[EventRounds "5"]
[EventCountry "CAN"]

1. e4 c5 2. Nf3 d6 3. Bb5+ Bd7 4. Bxd7+ Qxd7 5. O-O Nf6 6. Re1 Nc6 7. c4 g6 8.
Nc3 Bg7 9. d3 O-O 10. h3 a6 11. Be3 Ne8 12. Qd2 Nc7 13. Nd5 Nxd5 14. exd5 Nd8
15. Bh6 e5 16. dxe6 Nxe6 17. Bxg7 Kxg7 18. d4 cxd4 19. Nxd4 Rfe8 20. Nf3 Qc6
21. b3 Rad8 22. Rad1 b5 23. cxb5 axb5 24. Re3 d5 25. Rd3 d4 26. Nxd4 Nxd4 27.
Rxd4 Rxd4 28. Qxd4+ Qf6 29. Qxf6+ Kxf6 30. Rd6+ Kg7 31. Kf1 h5 32. Rd2 Kf6 33.
Re2 Rd8 34. Ke1 Rd7 35. Rd2 Rc7 36. Kd1 Ke5 37. Rc2 Rb7 38. Kc1 Kd4 39. b4 Kd3
40. Kb2 Ra7 41. Rc5 Rb7 42. Kb3 Ke2 43. Rc2+ Kd3 44. Rc6 Ke2 45. Rf6 Kf1 46. g3
Kg2 47. h4 Rd7 48. a3 Kg1 49. f3 Kg2 50. g4 g5 51. Rf5 gxh4 52. Rxb5 Kxf3 53.
Rxh5 Kxg4 54. Rh7 Re7 55. b5 Re3+ 56. Kb4 f5 57. b6 f4 58. b7 Re8 59. a4 f3 60.
a5 Rf8 61. Rf7 Rxf7 62. b8=Q Rf4+ 63. Kc3 f2 64. Qg8+ Kh3 65. Qe6+ Kg3 66. Qg6+
Kh2 67. Qc2 Kg1 68. a6 f1=Q 69. a7 Qc4+ 70. Kb2 Qxc2+ 0-1

[Event "RA December op"]
[Site "Ottawa CAN"]
[Date "2023.12.08"]
[Round "3.5"]
[White "D'Souza, Carina"]
[Black "Guillemette, Hugo"]
[Result "0-1"]
[WhiteElo "1913"]
[BlackElo "2086"]
[PlyCount "72"]
[EventDate "2023.12.08"]
[EventType "swiss"]
[EventRounds "5"]
[EventCountry "CAN"]

1. a3 c5 2. Nf3 e6 3. g3 b6 4. Bg2 Bb7 5. O-O Nf6 6. d3 d5 7. Bf4 Bd6 8. Bxd6
Qxd6 9. Nfd2 Nbd7 10. Nc3 a6 11. e4 O-O 12. Kh1 b5 13. f4 d4 14. Ncb1 Rac8 15.
g4 c4 16. g5 Ne8 17. dxc4 bxc4 18. Rf3 Nb6 19. Rh3 g6 20. Qg4 f6 21. Qh4 Rc7
22. c3 fxg5 23. fxg5 e5 24. Nf3 Rf4 25. Qg3 Bxe4 26. Nbd2 Bc6 27. cxd4 exd4 28.
Re1 c3 29. bxc3 dxc3 30. Nf1 Rcf7 31. Rh4 Rxf3 32. Rxe8+ Rf8 33. Rxf8+ Rxf8 34.
Qe1 Qe5 35. Qc1 Qxg5 36. Qe1 Qxg2# 0-1

[Event "RA December op"]
[Site "Ottawa CAN"]
[Date "2023.12.08"]
[Round "3.6"]
[White "Clyde, Jordan"]
[Black "Moses, Neil"]
[Result "1/2-1/2"]
[WhiteElo "2258"]
[BlackElo "2161"]
[PlyCount "83"]
[EventDate "2023.12.08"]
[EventType "swiss"]
[EventRounds "5"]
[EventCountry "CAN"]

1. e4 c5 2. Nc3 a6 3. a4 Nc6 4. Nf3 g6 5. d4 cxd4 6. Nxd4 Bg7 7. Be3 Qa5 8. Qd2
Nf6 9. Be2 d6 10. f3 Bd7 11. O-O O-O 12. b4 Qc7 13. Nd1 d5 14. Nxc6 Bxc6 15.
Bf4 e5 16. exd5 exf4 17. dxc6 Ne4 18. fxe4 Bxa1 19. cxb7 Rad8 20. Bd3 Be5 21.
Qe2 Qb6+ 22. Kh1 Qxb4 23. Bxa6 Qxa4 24. Bc4 Rd4 25. Bd5 Qa5 26. Nf2 Rd2 27. Qc4
Qc7 28. Nd3 Rxc2 29. Qxc7 Bxc7 30. Nb4 Rb2 31. Nd3 Rd2 32. Nc5 Bd6 33. Nd7 Rd8
34. Nb6 f3 35. gxf3 Rxh2+ 36. Kg1 Rb2 37. Nc4 Bc5+ 38. Kh1 Rb5 39. Ra1 Kg7 40.
Bc6 Rb4 41. Bd5 Rb5 42. Bc6 1/2-1/2

[Event "RA December op"]
[Site "Ottawa CAN"]
[Date "2023.12.08"]
[Round "3.7"]
[White "Wiebe, Isaac"]
[Black "Lattafi, Youcef"]
[Result "1-0"]
[WhiteElo "2234"]
[BlackElo "2015"]
[PlyCount "77"]
[EventDate "2023.12.08"]
[EventType "swiss"]
[EventRounds "5"]
[EventCountry "CAN"]

1. c4 f5 2. Nc3 Nf6 3. d4 e6 4. g3 Be7 5. Bg2 d5 6. Nh3 O-O 7. cxd5 exd5 8. O-O
c6 9. Rb1 Ne4 10. Qc2 a5 11. Nf4 Na6 12. a3 Bd7 13. f3 Nd6 14. e4 fxe4 15. fxe4
dxe4 16. Nxe4 Bf5 17. Qb3+ Kh8 18. Ne6 Bxe6 19. Rxf8+ Bxf8 20. Qxe6 Qe7 21.
Qxe7 Bxe7 22. Bf4 Nxe4 23. Bxe4 Rd8 24. Re1 Bf6 25. Be5 Bxe5 26. dxe5 g6 27.
Kf2 Kg7 28. Ke3 Kf7 29. Bd3 Nc7 30. Bc4+ Ke7 31. Rf1 Rf8 32. Rf4 Nd5+ 33. Bxd5
Rxf4 34. gxf4 cxd5 35. Kd4 Ke6 36. a4 b6 37. b3 h6 38. h3 g5 39. f5+ 1-0

[Event "RA December op"]
[Site "Ottawa CAN"]
[Date "2023.12.08"]
[Round "3.8"]
[White "Latreille, Etienne"]
[Black "Pitre, Lucas"]
[Result "1-0"]
[WhiteElo "2149"]
[BlackElo "1829"]
[PlyCount "63"]
[EventDate "2023.12.08"]
[EventType "swiss"]
[EventRounds "5"]
[EventCountry "CAN"]

1. e4 c6 2. d4 d5 3. e5 c5 4. dxc5 e6 5. a3 Bxc5 6. Qg4 g6 7. b4 Bb6 8. Nf3 Qc7
9. Bd3 Nc6 10. Bb2 Nge7 11. O-O Bd7 12. a4 a5 13. bxa5 Bxa5 14. Na3 Nb4 15. Nb5
Bxb5 16. Bxb5+ Nbc6 17. Qf4 O-O 18. Ra3 Nf5 19. g4 Ng7 20. Qh6 Ne8 21. Ng5 f6
22. Nxe6 Qe7 23. Qxf8+ Qxf8 24. Nxf8 Kxf8 25. exf6 Nb4 26. Rh3 Nxc2 27. Rxh7 b6
28. Rc1 Ne1 29. Rh8+ Kf7 30. Bxe8+ Rxe8 31. Rc7+ Re7 32. Rxe7# 1-0

[Event "RA December op"]
[Site "Ottawa CAN"]
[Date "2023.12.10"]
[Round "4.3"]
[White "Latorre, Vincent"]
[Black "Guillemette, Hugo"]
[Result "1-0"]
[WhiteElo "2299"]
[BlackElo "2086"]
[PlyCount "53"]
[EventDate "2023.12.08"]
[EventType "swiss"]
[EventRounds "5"]
[EventCountry "CAN"]

1. e4 c5 2. Nf3 e6 3. d4 cxd4 4. Nxd4 Nc6 5. Nc3 Qc7 6. g4 a6 7. Be3 b5 8. Nxc6
Qxc6 9. Qd2 b4 10. Ne2 Qxe4 11. Rg1 Qc4 12. Nf4 Qc7 13. O-O-O Nf6 14. Nh5 Bb7
15. Bd4 Ne4 16. Qe3 e5 17. Bb6 Qc6 18. f3 Nf6 19. Qxe5+ Qe6 20. Nxf6+ gxf6 21.
Qd4 Rc8 22. Bd3 Bh6+ 23. g5 Bxg5+ 24. Rxg5 fxg5 25. Qxh8+ Ke7 26. Qd4 Bxf3 27.
Qxb4+ 1-0

[Event "RA December op"]
[Site "Ottawa CAN"]
[Date "2023.12.10"]
[Round "4.4"]
[White "Adam, Rafael"]
[Black "Xu, Daniel"]
[Result "0-1"]
[WhiteElo "2215"]
[BlackElo "2357"]
[PlyCount "104"]
[EventDate "2023.12.08"]
[EventType "swiss"]
[EventRounds "5"]
[EventCountry "CAN"]

1. d4 Nf6 2. c4 g6 3. g3 Bg7 4. Bg2 O-O 5. Nc3 d6 6. Nf3 c5 7. O-O Nc6 8. dxc5
dxc5 9. Bf4 Nh5 10. Be3 Be6 11. Nd5 b6 12. Qa4 Bd7 13. Qc2 e6 14. Nc3 f5 15.
Rad1 Qe7 16. Bg5 Nf6 17. Qc1 Qf7 18. Rd6 Ne8 19. Rd3 Nb4 20. Rdd1 Rc8 21. a3
Nc6 22. Qd2 Nd4 23. Be3 Nxf3+ 24. Bxf3 Nf6 25. Bf4 Bc6 26. Nb5 Bxb5 27. cxb5
Nd5 28. Bg5 c4 29. Bxd5 exd5 30. Bh6 Bxh6 31. Qxh6 Rc5 32. a4 Qg7 33. Qd2 Rd8
34. e3 Kf7 35. Qc3 Qxc3 36. bxc3 Ra8 37. Rb1 Ke6 38. Rb4 Kd6 39. Rfb1 Kc7 40.
Kg2 a6 41. Kf3 axb5 42. Rxb5 Rxb5 43. axb5 Ra2 44. Rc1 Kd6 45. h3 Kc5 46. g4
Kxb5 47. gxf5 gxf5 48. Kf4 Rxf2+ 49. Ke5 Kc6 50. Rg1 Rf3 51. Kd4 Rxh3 52. Rg8
Rh4+ 0-1

[Event "RA December op"]
[Site "Ottawa CAN"]
[Date "2023.12.10"]
[Round "4.5"]
[White "Latreille, Etienne"]
[Black "Clyde, Jordan"]
[Result "1-0"]
[WhiteElo "2149"]
[BlackElo "2258"]
[PlyCount "69"]
[EventDate "2023.12.08"]
[EventType "swiss"]
[EventRounds "5"]
[EventCountry "CAN"]

1. e4 g6 2. d4 d6 3. h4 h5 4. Nc3 c6 5. Be3 b5 6. Bd3 Nf6 7. Nf3 Ng4 8. Bf4 Nd7
9. e5 dxe5 10. dxe5 Nc5 11. O-O Nxd3 12. cxd3 Bf5 13. d4 Bg7 14. Ng5 Qb6 15.
Qb3 O-O 16. Rad1 Rad8 17. Be3 a5 18. a4 b4 19. Ne2 Nxe3 20. fxe3 e6 21. Rc1 Bh6
22. Ng3 Qb7 23. N5e4 Kh8 24. Nf6 Bg7 25. Rc5 Qe7 26. Nxf5 exf5 27. Rxc6 Bxf6
28. Rxf6 Rc8 29. Qd1 Kg7 30. Qf3 Qd7 31. Rd6 Qxa4 32. e4 fxe4 33. Qf6+ Kh7 34.
e6 Qe8 35. exf7 1-0

[Event "RA December op"]
[Site "Ottawa CAN"]
[Date "2023.12.10"]
[Round "4.6"]
[White "Huang, Patrick"]
[Black "Wiebe, Isaac"]
[Result "0-1"]
[WhiteElo "2031"]
[BlackElo "2234"]
[PlyCount "80"]
[EventDate "2023.12.08"]
[EventType "swiss"]
[EventRounds "5"]
[EventCountry "CAN"]

1. d4 Nf6 2. c4 c5 3. d5 e6 4. Nc3 exd5 5. cxd5 d6 6. g3 g6 7. Bg2 Bg7 8. Nf3
O-O 9. O-O a6 10. a4 Nbd7 11. Bf4 Qe7 12. Re1 Ng4 13. Bg5 f6 14. Bc1 Rb8 15. a5
b5 16. axb6 Nxb6 17. e4 Qc7 18. h3 Nh6 19. Bf1 Nf7 20. Bf4 f5 21. exf5 gxf5 22.
Ng5 Nxg5 23. Bxg5 Be5 24. Kh1 Bb7 25. Bg2 Qg7 26. f4 Bf6 27. Bxf6 Rxf6 28. Kh2
Rg6 29. Qd3 Kh8 30. Re3 Rg8 31. Ne2 Bc8 32. Re1 Nd7 33. Nc1 Qxb2 34. Qxf5 Ne5
35. Qh5 Bg4 36. hxg4 Nxg4+ 37. Kh1 Rh6 38. Qxh6 Nxh6 39. Nd3 Qd4 40. Nf2 Nf5
0-1

[Event "RA December op"]
[Site "Ottawa CAN"]
[Date "2023.12.10"]
[Round "4.7"]
[White "Moses, Neil"]
[Black "D'Souza, Carina"]
[Result "1/2-1/2"]
[WhiteElo "2161"]
[BlackElo "1913"]
[PlyCount "78"]
[EventDate "2023.12.08"]
[EventType "swiss"]
[EventRounds "5"]
[EventCountry "CAN"]

1. e4 c5 2. Nf3 Nc6 3. Bb5 e6 4. O-O Nge7 5. c3 Ng6 6. d4 cxd4 7. cxd4 d5 8.
exd5 exd5 9. Ne5 Ngxe5 10. dxe5 Bc5 11. Nc3 Be6 12. Bf4 O-O 13. Rc1 Bb6 14. Qd2
Ba5 15. Qd3 Bxc3 16. bxc3 Qd7 17. Rfd1 a6 18. Ba4 Nxe5 19. Bxd7 Nxd3 20. Rxd3
Bxd7 21. Rxd5 Be6 22. Rd2 Rac8 23. Be5 Rc4 24. f3 Ra4 25. Rcc2 f6 26. Bd4 Rc8
27. Kf2 Kf7 28. g4 Ra3 29. h3 g5 30. Ke3 Rc4 31. f4 gxf4+ 32. Kxf4 Rca4 33. Rf2
Rxa2 34. Rxa2 Rxa2 35. Rf1 Bc4 36. Rf2 Ra1 37. g5 Rf1 38. gxf6 Rxf2+ 39. Bxf2
Kxf6 1/2-1/2

[Event "RA December op"]
[Site "Ottawa CAN"]
[Date "2023.12.10"]
[Round "4.8"]
[White "Batorshyn, Ilia	"]
[Black "Fiset, Anais Chloe"]
[Result "1-0"]
[WhiteElo "2158"]
[BlackElo "1830"]
[PlyCount "63"]
[EventDate "2023.12.08"]
[EventType "swiss"]
[EventRounds "5"]
[EventCountry "CAN"]

1. e4 c6 2. d4 d5 3. Nc3 dxe4 4. Nxe4 Nf6 5. Nxf6+ exf6 6. c3 Bf5 7. Bc4 Bd6 8.
Qe2+ Be7 9. Bd3 Bxd3 10. Qxd3 O-O 11. Ne2 Nd7 12. O-O Ne5 13. Qc2 Ng6 14. Be3
Qd5 15. c4 Qh5 16. Ng3 Qa5 17. Qe4 Rad8 18. Qg4 Rfe8 19. Nf5 Bf8 20. h4 Kh8 21.
h5 Ne7 22. Ng3 Nc8 23. Qf3 Nd6 24. b3 Qc7 25. h6 gxh6 26. Qxf6+ Bg7 27. Qf4 Qe7
28. Rad1 Rg8 29. Rfe1 Rge8 30. d5 Qf8 31. dxc6 bxc6 32. Bc5 1-0

[Event "RA December op"]
[Site "Ottawa CAN"]
[Date "2023.12.10"]
[Round "5.3"]
[White "Sambuev, Bator"]
[Black "Latreille, Etienne"]
[Result "1-0"]
[WhiteElo "2586"]
[BlackElo "2149"]
[PlyCount "79"]
[EventDate "2023.12.08"]
[EventType "swiss"]
[EventRounds "5"]
[EventCountry "CAN"]

1. d4 d5 2. c4 c6 3. Nf3 Nf6 4. e3 Bf5 5. Nc3 a6 6. Nh4 Bg4 7. Qc2 e6 8. h3 Bh5
9. g4 Nfd7 10. gxh5 Qxh4 11. Bd2 dxc4 12. Bxc4 c5 13. Qe4 Qxe4 14. Nxe4 cxd4
15. exd4 Nc6 16. d5 Nd4 17. dxe6 fxe6 18. Rc1 Ne5 19. Be3 Nef3+ 20. Kf1 Rd8 21.
a3 Be7 22. Ba2 Rf8 23. Rd1 Rf5 24. Ng3 Rc5 25. Ne2 e5 26. Bb1 Rb5 27. b4 a5 28.
Nc3 Rb6 29. Be4 axb4 30. Nd5 Rbd6 31. Nxe7 Kxe7 32. Bxf3 Nxf3 33. Bc5 bxa3 34.
Rxd6 Rxd6 35. Bxa3 Nd4 36. Rg1 Ne6 37. h6 g6 38. Bxd6+ Kxd6 39. Rxg6 Ke7 40.
Rg4 1-0

[Event "RA December op"]
[Site "Ottawa CAN"]
[Date "2023.12.10"]
[Round "5.4"]
[White "Zhu, Matthew"]
[Black "Wiebe, Isaac"]
[Result "1-0"]
[WhiteElo "2238"]
[BlackElo "2234"]
[PlyCount "75"]
[EventDate "2023.12.08"]
[EventType "swiss"]
[EventRounds "5"]
[EventCountry "CAN"]

1. e4 e5 2. Nf3 Nc6 3. Bb5 a6 4. Ba4 d6 5. O-O Bd7 6. d4 b5 7. Bb3 Nxd4 8. Nxd4
exd4 9. c3 d3 10. Qxd3 Nf6 11. Bg5 Be7 12. Rd1 Ng4 13. Bf4 Bf6 14. Nd2 O-O 15.
Nf3 Re8 16. h3 Ne5 17. Nxe5 Bxe5 18. Bxe5 Rxe5 19. f4 Re7 20. e5 Be6 21. exd6
Rd7 22. Bxe6 fxe6 23. Qe4 cxd6 24. Qxe6+ Kh8 25. Rd5 Re7 26. Qxd6 Qxd6 27. Rxd6
Re2 28. b4 Rf8 29. a4 g5 30. axb5 gxf4 31. bxa6 f3 32. a7 Rxg2+ 33. Kf1 Rgg8
34. a8=Q Rxa8 35. Rxa8 Rxa8 36. Kf2 Rc8 37. Rd3 Kg7 38. Rxf3 1-0

[Event "RA December op"]
[Site "Ottawa CAN"]
[Date "2023.12.10"]
[Round "5.5"]
[White "Xu, Philip"]
[Black "Batorshyn, Ilia	"]
[Result "0-1"]
[WhiteElo "1816"]
[BlackElo "2158"]
[PlyCount "120"]
[EventDate "2023.12.08"]
[EventType "swiss"]
[EventRounds "5"]
[EventCountry "CAN"]

1. c4 e6 2. g3 d5 3. Bg2 Nf6 4. Nf3 Be7 5. O-O O-O 6. b3 d4 7. d3 c5 8. e3 Nc6
9. exd4 cxd4 10. Re1 Re8 11. a3 a5 12. Nbd2 Bd6 13. Ng5 h6 14. Nge4 Bf8 15.
Nxf6+ Qxf6 16. Ne4 Qd8 17. Qh5 g6 18. Qf3 f5 19. Nd2 Qc7 20. Qd1 Bd7 21. Bb2
Rad8 22. Rc1 Bc5 23. Rb1 Qd6 24. Ra1 b6 25. Kh1 Ne5 26. Qe2 Nf7 27. Kg1 Bc6 28.
Bxc6 Qxc6 29. Qf3 Qd6 30. Qg2 Ne5 31. Qf1 Nd7 32. Qg2 Ne5 33. Qf1 Kh7 34. h3
Nf7 35. Qg2 Rd7 36. Kh2 Rde7 37. Kh1 Ne5 38. Qf1 Nd7 39. Qg2 e5 40. g4 Nf6 41.
f3 Nd7 42. h4 Rg8 43. Rg1 Reg7 44. Rge1 Nf8 45. Qh2 Re7 46. h5 gxh5 47. gxh5
Rg5 48. f4 Qc6+ 49. Ne4 Rg4 50. Rg1 Rxg1+ 51. Rxg1 fxe4 52. Qg2 Qe6 53. Qxe4+
Kh8 54. f5 Qf6 55. Bc1 Rg7 56. Re1 Nh7 57. Qa8+ Bf8 58. Qe4 Ng5 59. Qxe5 Qxe5
60. Rxe5 Nf3 0-1

[Event "RA December op"]
[Site "Ottawa CAN"]
[Date "2023.12.10"]
[Round "5.6"]
[White "Guillemette, Hugo"]
[Black "Huang, Patrick"]
[Result "1-0"]
[WhiteElo "2086"]
[BlackElo "2031"]
[PlyCount "57"]
[EventDate "2023.12.08"]
[EventType "swiss"]
[EventRounds "5"]
[EventCountry "CAN"]

1. e4 c5 2. Nf3 d6 3. Bb5+ Bd7 4. Bxd7+ Qxd7 5. c4 Nc6 6. d4 cxd4 7. Nxd4 Nf6
8. Nc3 g6 9. f3 Bg7 10. Be3 O-O 11. O-O Rfd8 12. Qd2 Rac8 13. b3 e6 14. Rad1 d5
15. Qf2 a6 16. Na4 Qe7 17. Nxc6 bxc6 18. Bb6 Re8 19. Rfe1 dxc4 20. Bc5 Qc7 21.
Nb6 Rcd8 22. Nxc4 Nd7 23. Bd6 Qb7 24. e5 Bf8 25. Rd2 c5 26. Red1 Qc6 27. Bxf8
Rxf8 28. Rd6 Qc7 29. Qd2 1-0

[Event "RA December op"]
[Site "Ottawa CAN"]
[Date "2023.12.10"]
[Round "5.8"]
[White "D'Souza, Carina"]
[Black "Adam, Rafael"]
[Result "1-0"]
[WhiteElo "1913"]
[BlackElo "2215"]
[PlyCount "121"]
[EventDate "2023.12.08"]
[EventType "swiss"]
[EventRounds "5"]
[EventCountry "CAN"]

1. e4 c6 2. d4 d5 3. exd5 cxd5 4. Bd3 Nc6 5. c3 Qc7 6. h3 e5 7. dxe5 Nxe5 8.
Nf3 Nxd3+ 9. Qxd3 Nf6 10. Bg5 Be7 11. O-O Be6 12. Nd4 O-O 13. Nd2 Rfe8 14. Rfe1
Bd8 15. Qf3 Qb6 16. a4 Rc8 17. N2b3 a6 18. a5 Qd6 19. Bf4 Qf8 20. Nd2 Nd7 21.
Qg3 g6 22. b4 Bf6 23. N2b3 Rc4 24. Re3 Qg7 25. Rd1 h5 26. Bg5 Be5 27. Bf4 Bf6
28. Bg5 Kh7 29. Bxf6 Qxf6 30. Rde1 Rcc8 31. Qd6 Nf8 32. Nc5 Qe7 33. Qxd5 Bxd5
34. Rxe7 Rxe7 35. Rxe7 Kg7 36. Re5 Rd8 37. f4 Kf6 38. Kf2 Ne6 39. Ndxe6 fxe6
40. h4 Bc4 41. Ne4+ Kf7 42. Rc5 Bd5 43. Rc7+ Kf8 44. Nc5 Kg8 45. Nxb7 Bxb7 46.
Rxb7 Rc8 47. Rb6 Kf7 48. Rxa6 Rxc3 49. b5 Rb3 50. Rb6 Ra3 51. a6 Kf6 52. Rc6
Ra5 53. Rb6 Kf5 54. Rb7 Kxf4 55. Rf7+ Ke4 56. a7 Ra2+ 57. Kg3 Ra3+ 58. Kh2 Kd5
59. Rc7 Kd6 60. b6 Ra6 61. Rc8 1-0

[Event "RA December op U1600"]
[Site "Ottawa CAN"]
[Date "2023.12.08"]
[Round "3.35"]
[White "Langer, Herb"]
[Black "Ward, Ryan"]
[Result "1-0"]
[WhiteElo "1474"]
[BlackElo "1088"]
[PlyCount "43"]
[EventDate "2023.12.08"]
[EventType "swiss"]
[EventRounds "5"]
[EventCountry "CAN"]

1. d4 d5 2. Nf3 Bf5 3. c4 e6 4. Nc3 dxc4 5. e4 Bg4 6. Bxc4 c5 7. d5 Qb6 8. Qa4+
Nd7 9. Bb5 Qc7 10. Be3 Bd6 11. h3 Bxf3 12. gxf3 Ngf6 13. O-O-O O-O 14. Rhg1 Bf4
15. Qb3 exd5 16. Nxd5 Nxd5 17. Rxd5 Bxe3+ 18. Qxe3 Rad8 19. Bxd7 Rxd7 20. Rxg7+
Kxg7 21. Qg5+ Kh8 22. Qf6+ 1-0

[Event "RA December op U1600"]
[Site "Ottawa CAN"]
[Date "2023.12.10"]
[Round "5.27"]
[White "Batchelar, Brian"]
[Black "Chen, Zichuan"]
[Result "0-1"]
[WhiteElo "1089"]
[BlackElo "1469"]
[PlyCount "92"]
[EventDate "2023.12.08"]
[EventType "swiss"]
[EventRounds "5"]
[EventCountry "CAN"]

1. e4 d5 2. exd5 Nf6 3. Nf3 Nxd5 4. Be2 Nc6 5. d4 e6 6. O-O Be7 7. c4 Nf6 8.
Nc3 O-O 9. h3 h6 10. Bf4 a6 11. Rc1 Bd6 12. Ne5 Qe7 13. Bf3 Bd7 14. Re1 Rad8
15. Qd2 Nh7 16. Nd5 Qh4 17. Nc3 Nxe5 18. Bxe5 Bxe5 19. Rxe5 Ng5 20. Bxb7 Bc8
21. Bxc8 Rxd4 22. Qe3 Rxc8 23. b3 Rcd8 24. Rc5 Rd3 25. Qe1 Rxh3 26. gxh3 Nf3+
27. Kg2 Nxe1+ 28. Rxe1 Rd3 29. Re3 Rxe3 30. fxe3 Qe1 31. Na4 Qxe3 32. Rxc7 Qe2+
33. Kg1 Qxa2 34. Nc5 Qa5 35. Rc8+ Kh7 36. Kf1 Qa1+ 37. Ke2 Qc3 38. Nd7 Kg6 39.
h4 Qxb3 40. Rc5 Qb2+ 41. Kd3 Qb7 42. Ne5+ Kh7 43. Kc3 Qe4 44. Nd3 f6 45. Ra5 e5
46. Nb2 Qe1+ 0-1

[Event "RA Fall op"]
[Site "Ottawa CAN"]
[Date "2023.09.29"]
[Round "1.1"]
[White "Sambuev, Bator"]
[Black "Saha, Ananda"]
[Result "1-0"]
[WhiteElo "2483"]
[BlackElo "2216"]
[PlyCount "71"]
[EventDate "2023.09.29"]
[EventType "swiss"]
[EventRounds "5"]
[EventCountry "CAN"]

1. d4 e6 2. c4 Bb4+ 3. Bd2 a5 4. Nc3 Nf6 5. e3 d6 6. Bd3 e5 7. Nge2 O-O 8. O-O
Nc6 9. a3 Bxc3 10. Bxc3 Bg4 11. f3 Bh5 12. d5 Ne7 13. Qd2 Nd7 14. Bxa5 Nc5 15.
Bc2 Bg6 16. Bb4 Bxc2 17. Qxc2 Nd7 18. Rfd1 b6 19. a4 f5 20. f4 Ng6 21. Rf1 Qe7
22. Rae1 Rae8 23. Ng3 Nh4 24. Bc3 Qf7 25. e4 Ng6 26. fxe5 Ngxe5 27. Nxf5 Qh5
28. Re3 g6 29. Rh3 Qg5 30. Rg3 Qd8 31. Qd2 Kh8 32. Rxg6 Rxf5 33. exf5 hxg6 34.
Qh6+ Kg8 35. f6 Nxf6 36. Bxe5 1-0

[Event "RA Fall op"]
[Site "Ottawa CAN"]
[Date "2023.09.29"]
[Round "1.3"]
[White "Xu, Daniel"]
[Black "Wang, Derek"]
[Result "1/2-1/2"]
[WhiteElo "2339"]
[BlackElo "2013"]
[PlyCount "108"]
[EventDate "2023.09.29"]
[EventType "swiss"]
[EventRounds "5"]
[EventCountry "CAN"]

1. e4 c5 2. Nf3 e6 3. d4 cxd4 4. Nxd4 Nf6 5. Nc3 Nc6 6. Ndb5 Bb4 7. a3 Bxc3+ 8.
Nxc3 d5 9. exd5 exd5 10. Bd3 O-O 11. O-O Bg4 12. f3 Bh5 13. Bg5 Qb6+ 14. Kh1
Ne4 15. Nxe4 dxe4 16. Bxe4 Qxb2 17. Rb1 Qxa3 18. Rxb7 Qa6 19. Rc7 Rac8 20. Rxc8
Rxc8 21. Re1 Qa5 22. Bh4 Qc5 23. Qd7 Ne5 24. Qb7 Nc4 25. Bf2 Qc7 26. Bxa7 h6
27. Qxc7 Rxc7 28. Bd4 Bg6 29. Bxg6 fxg6 30. c3 Kf7 31. h4 Na3 32. Re3 Nc2 33.
Rd3 Nxd4 34. cxd4 Ke6 35. Kg1 Kd5 36. Kf2 Rc2+ 37. Kg3 Rc4 38. Re3 Kxd4 39. Re6
Rc7 40. Kg4 Rf7 41. Rxg6 Ke3 42. g3 Rxf3 43. Rxg7 Kf2 44. Kh5 Rxg3 45. Rf7+ Ke3
46. Rf5 Rh3 47. Ra5 Kf4 48. Rb5 Rh1 49. Rb6 Kf5 50. Rxh6 Rg1 51. Rh8 Kf6 52.
Rh7 Rg7 53. Kh6 Rxh7+ 54. Kxh7 Kf7 1/2-1/2

[Event "RA Fall op"]
[Site "Ottawa CAN"]
[Date "2023.09.29"]
[Round "1.4"]
[White "Labib, Daniel"]
[Black "Dukic, Zachary"]
[Result "0-1"]
[WhiteElo "2113"]
[BlackElo "2401"]
[PlyCount "78"]
[EventDate "2023.09.29"]
[EventType "swiss"]
[EventRounds "5"]
[EventCountry "CAN"]

1. d4 Nf6 2. c4 e6 3. Nc3 Bb4 4. Qc2 c5 5. dxc5 O-O 6. a3 Bxc5 7. Bf4 e5 8. Bg3
Nc6 9. e3 Qa5 10. Rc1 d5 11. b4 Qxa3 12. bxc5 d4 13. Nb5 Qxc5 14. exd4 exd4 15.
Bd3 a6 16. Nd6 Bg4 17. f3 Bh5 18. Ne2 Bg6 19. Ne4 Nxe4 20. fxe4 Nb4 21. Qd2
Nxd3+ 22. Qxd3 Rfe8 23. O-O Rxe4 24. Bf2 Rd8 25. Qf3 Qe7 26. Nf4 Bf5 27. Nd5
Qe6 28. Rce1 d3 29. Be3 Bg4 30. Qg3 Be2 31. Nf4 Qe8 32. Bd2 Bxf1 33. Rxf1 Qe5
34. Qh4 Re8 35. Kh1 Rxc4 36. Re1 Qxe1+ 37. Bxe1 Rxf4 38. g4 Rf1+ 39. Kg2 Rfxe1
0-1